000 00767nam a2200253Ia 4500
003 OSt
005 20220928125832.0
006 a|||||r|||| 00| 0
007 ta
008 220927b |||||||| |||| 00| 0 eng d
020 _c6359.8500000000004
024 _a109168
037 _b4073, 20/09/2010, Atlantic Publishers and Distributors
_cTextual
040 _aSDCL
_cSDCL
_beng
041 _2eng
_aeng
082 _aG9M, Q0
100 _aClark David
245 0 _aMolecular biology
_b Academic cell update.
260 _aAmsterdam
_bA P Cell Press
_c2010
300 _axviii,784p.
_ccm.
650 _aMicrobiology
942 _hG9M, Q0
_cTEXL
_2CC
999 _c784262
_d784262